Normal view
MARC view
- Perry, John H .
Entry Personal Name
001 - CONTROL NUMBER
- control field: 1562
003 - CONTROL NUMBER IDENTIFIER
- control field: OSt
005 - DATE AND TIME OF LATEST TRANSACTION
- control field: 20160927140903.0
008 - FIXED-LENGTH DATA ELEMENTS
- fixed length control field: 160927|| aca||aabn | a|a d
040 ## - CATALOGING SOURCE
- Original cataloging agency: OSt
- Transcribing agency: OSt
100 ## - HEADING--PERSONAL NAME
- Personal name: Perry, John H .
670 ## - SOURCE DATA FOUND
- Source citation: Work cat.: (OSt)10277: Perry, John H ., Chemical Engineers Hand Book / , 1991.
